| 000 | 01336cam a2200229 4500 | ||
|---|---|---|---|
| 001 | ABS66714 | ||
| 008 | 030520n2003 000 0 eng u | ||
| 035 | _a(Sirsi) u122328 | ||
| 100 | _aMartin, G. | ||
| 245 | 2 | _aA question of time | |
| 260 | _c2003 | ||
| 490 |
_aInside Housing _v20(17) 2 May 2003, 16-17(2) |
||
| 520 | _aExamines mixed tenure's valuable role in creating social balance in sustainable communities. Looks at how the simple approach of selling off a proportion of vacant properties rather than re-letting them can improve the quality of an estate and endorses the view that new developments of affordable rented housing are best carried out as a part of wider mixed tenure developments. Reports on research into how much councils and housing associations have been buying into the concept of social balance through mixed tenure communities, with more than 70% of councils and housing associations involved in at least one initiative to rebalance their stock through tenure change either by new provision or sale of vacants. Tables cover mixing tenures, sales pitch and selling tips. | ||
| 590 | _aABS | ||
| 650 | _aMIXED TENURE | ||
| 650 | _aRENTED HOUSING | ||
| 650 | _aVACANT HOUSING | ||
| 650 | _aSUSTAINABLE COMMUNITIES | ||
| 690 |
_aAffordable housing _96215 |
||
| 700 | _aWatkinson, J. | ||
| 942 | _n0 | ||
| 999 |
_c72696 _d72696 |
||